| 000 | 01390pam a2200373 i 4500 | ||
|---|---|---|---|
| 001 | 768714001 | ||
| 003 | CO-MdFUSB | ||
| 005 | 20230525145216.0 | ||
| 007 | ta | ||
| 008 | 920429t1992 kyu b 001 0 eng | ||
| 020 | _a0664253490 | ||
| 040 |
_aDLC _cCO-MdFUSB _dFPD _bspa _erda |
||
| 041 | _aeng | ||
| 082 |
_223 _a261.873 _bM459 |
||
| 100 | 1 |
_aMauser, Ulrich, _d1926- _eautor |
|
| 245 | 1 | 4 |
_aThe Gospel of peace : _ba scriptural message for today's world _c/ Ulrich Mauser |
| 250 | _aprimera edición | ||
| 264 | 1 |
_aLouisville, Ky. : _bWestminster John Knox Press, _c[1992] |
|
| 264 | 4 | _c© 1992 | |
| 300 |
_a196 páginas ; _c23 cm |
||
| 336 |
_2rdacontent _atexto _btxt |
||
| 337 |
_2rdamedia _asin mediación _bn |
||
| 338 |
_2rdacarrier _avolumen _bnc |
||
| 490 | 1 | _aStudies in peace and scripture. | |
| 504 | _aIncluye referencias bibliográficas e índices. | ||
| 505 | _aUn tiempo para la paz. -- Palabras bíblicas de paz. -- El pacificador. -- La oposición a la paz en el Evangelio de Mateo. -- El Libro de los Hechos y la Pax Romana. -- La paz en las cartas de Pablo. -- Paz universal y global: Colosenses y Efesios. -- Paz en el Nuevo Testamento y paz hoy | ||
| 563 | _aRústico | ||
| 630 | 0 | 7 |
_aBiblia. _pNuevo Testamento |
| 650 | 0 |
_aPaz _92052 |
|
| 830 | 0 | _aStudies in peace and scripture. | |
| 942 | _cBK | ||
| 945 | _aJTF-925 | ||
| 999 |
_c68450 _d68450 |
||